000 01085nmc a2200361 a 4500
003 AR-BaBNM
005 20251128211530.0
008 084120s1999 ||||||||||||||000 | spa||
020 _a987-9191-48-X
040 _cAR-BaBNM
100 1 _aSouto, Marta
245 1 0 _aGrupos y dispositivos de formación
250 _a1ª ed.
260 _aBuenos Aires
_bEdiciones Novedades educativas
_c1999
_bFacultad de Filosofía y Letras [UBA]
300 0 _a143 p.
_bgráfs., tablas
490 0 _aFormacion de formadores. Los documentos
_vv. 10
504 _aContiene referencias bibliográficas al final de cada capítulo
600 1 4 _aFoucault, Michel
650 4 _aDINAMICA DE GRUPO
650 4 _aENSENANZA EN GRUPO
650 4 _aROL DEL DOCENTE
650 4 _aPSICOLOGIA SOCIAL
650 4 _aTUTORIA
653 _aFORMACION DE FORMADORES
700 1 _aBarbier, Jean-Marie
700 1 _aCattaneo, Mabel
700 1 _aCoronel, Mirtha G. R. de
700 1 _aGaidulewicz, Laura
700 1 _aGoggi, Nora E.
700 1 _aMazza, Diana
942 _cBK
998 _craquel
999 _c20057
_d20057